| 000 | 00968nam a2200253 4500 | ||
|---|---|---|---|
| 999 |
_c28136 _d28136 |
||
| 008 | 070116s1980 pau b 000 0 eng | ||
| 020 | _a0664243223 :Php10 (AGST) | ||
| 100 | 1 |
_aKung, Hans, _d1928- |
|
| 245 | 1 | 0 |
_aConsensus in theology? : _ba dialogue with Hans Kung and Edward Schillebeeckx / _cby Hans Kung, Edward Schillebeeckx, and David Tracy ... [et al.] ; edited by Leonard Swidler. |
| 260 |
_aPhiladelphia : _bWestminster Press, _cc1980. |
||
| 300 |
_aviii, 165 p. ; _c23 cm. |
||
| 336 | _atext | ||
| 337 | _aunmediated | ||
| 338 | _avolume | ||
| 500 | _a"Originally published as Journal of ecumenical studies 17, no. 1 (Winter 1980)." | ||
| 504 | _aIncludes bibliographical references. | ||
| 600 | 1 | 4 |
_aKung, Hans, _d1928- |
| 600 | 1 | 4 |
_aSchillebeeckx, Edward, _d1914- |
| 650 | 4 | _aTheology. | |
| 700 | 1 |
_aSchillebeeckx, Edward, _d1914- _ejoint author. |
|
| 700 | 1 | _aSwidler, Leonard J. | |
| 730 | 0 | _aJournal of ecumenical studies. | |
| 942 |
_2lcc _cBK |
||